000 00302pam a2200121 a 4500
020 _a81-203-2105-7
_c
041 _h
082 _a155.92
_bBAR
100 _aBARON R.A.,BYRNE D.,
245 _aSOCIAL PSYCHOLOGY
_hTextual Documents
260 _aNEW DELHI
_bPRENTICE HALL OF INDIA
_c2003
930 _a13004
999 _c132431
_d132431